Sports Quiz

Random Sports or NFL Quiz

NFC North- 50+ single-season receptions (2000-16) Quiz Stats

 Plays Quiz not verified by Sporcle

Score 0/149 Timer 14:00
0 Plays Today
Receptions Player % Correct
2008Calvin Johnson
98.8%
2009Calvin Johnson
98.8%
2010Calvin Johnson
98.8%
2011Calvin Johnson
98.8%
2012Calvin Johnson
98.8%
2013Calvin Johnson
98.8%
2014Calvin Johnson
98.8%
2015Calvin Johnson
98.8%
2000Keyshawn Johnson
98.6%
2001Keyshawn Johnson
98.6%
2011Jordy Nelson
95.3%
2013Jordy Nelson
95.3%
2014Jordy Nelson
95.3%
2000Randy Moss
95.1%
2001Randy Moss
95.1%
2002Randy Moss
95.1%
2003Randy Moss
95.1%
2016Jordy Nelson
94.9%
2016Golden Tate
93.4%
2012Brandon Marshall
93.4%
2013Brandon Marshall
93.4%
2014Brandon Marshall
93.4%
2016Marvin Jones
92.7%
2014Golden Tate
92.2%
2015Golden Tate
92.2%
2013Alshon Jeffery
91.1%
2014Alshon Jeffery
91.1%
2015Alshon Jeffery
91.1%
2002Donald Driver
90.6%
2003Donald Driver
90.6%
2004Donald Driver
90.6%
2005Donald Driver
90.6%
2006Donald Driver
90.6%
2007Donald Driver
90.6%
2008Donald Driver
90.6%
2009Donald Driver
90.6%
2010Donald Driver
90.6%
2000Cris Carter
90.1%
2001Cris Carter
90.1%
2007Greg Jennings
88.9%
2008Greg Jennings
88.9%
2009Greg Jennings
88.9%
2010Greg Jennings
88.9%
2011Greg Jennings
88.9%
2013Greg Jennings
88.9%
2014Greg Jennings
88.9%
2012Randall Cobb
87.5%
2014Randall Cobb
87.5%
2015Randall Cobb
87.5%
2010James Jones
86.6%
Receptions Player % Correct
2012James Jones
86.6%
2013James Jones
86.6%
2015James Jones
86.6%
2016Randall Cobb
86.1%
2016Alshon Jeffery
86.1%
2004Thomas Jones
86.1%
2006Kevin Jones
86.1%
2008Matt Forte
85.6%
2009Matt Forte
85.6%
2010Matt Forte
85.6%
2011Matt Forte
85.6%
2013Matt Forte
85.6%
2014Matt Forte
85.6%
2016Stefon Diggs
85.4%
2016Davante Adams
80.3%
2016Kyle Rudolph
79.6%
2016Adam Thielen
78.1%
2009Earl Bennett
76.7%
2013Martellus Bennett
76.7%
2014Martellus Bennett
76.7%
2015Martellus Bennett
76.7%
2004Roy Williams
76.5%
2006Roy Williams
76.5%
2007Roy Williams
76.5%
2003Moe Williams
76%
2000Ahman Green
71.5%
2001Ahman Green
71.5%
2002Ahman Green
71.5%
2003Ahman Green
71.5%
2000Jacquez Green
71.1%
2000Antonio Freeman
68.9%
2001Antonio Freeman
68.9%
2007Adrian N. Peterson
68.2%
2004Javon Walker
65.6%
2009Sidney Rice
65.6%
2009Percy Harvin
65.4%
2010Percy Harvin
65.4%
2011Percy Harvin
65.4%
2012Percy Harvin
65.4%
2009Jermichael Finley
62.4%
2011Jermichael Finley
62.4%
2012Jermichael Finley
62.4%
2012Kyle Rudolph
60.7%
2015Stefon Diggs
60.7%
2010Brandon Pettigrew
59.5%
2011Brandon Pettigrew
59.5%
2012Brandon Pettigrew
59.5%
2015Davante Adams
59.5%
2016Eric Ebron
58.4%
2013Reggie Bush
56.5%
Receptions Player % Correct
2001Marty Booker
55.1%
2002Marty Booker
55.1%
2003Marty Booker
55.1%
2002Bubba Franks
53.9%
2000Marcus Robinson
49.6%
2008Greg Olsen
48.9%
2009Greg Olsen
48.9%
2016Theo Riddick
47.4%
2015Richard Rodgers
46.1%
2004Nate Burleson
45.2%
2010Nate Burleson
45.2%
2011Nate Burleson
45.2%
2009Visanthe Shiancoe
41.9%
2015Theo Riddick
41.9%
2012Joique Bell
39.8%
2013Joique Bell
39.8%
2006Bernard Berrian
39.3%
2007Bernard Berrian
39.3%
2009Bernard Berrian
39.3%
2005Muhsin Muhammad
38.8%
2006Muhsin Muhammad
38.8%
2005Travis Taylor
37.9%
2006Travis Taylor
37.9%
2008Devin Hester
37.6%
2009Devin Hester
37.6%
2006Mike Furrey
37.4%
2007Mike Furrey
37.4%
2002Dez White
34.1%
2010Jahvid Best
32.2%
2010Johnny Knox
32%
2000Johnnie Morton
31.5%
2001Johnnie Morton
31.5%
2000Bill Schroeder
27.5%
2001Bill Schroeder
27.5%
2016Cameron Meredith
26.3%
2001Warrick Dunn
25.2%
2016Cordarrelle Patterson
23.4%
2016Anquan Boldin
20.4%
2004Jermaine Wiggins
18.6%
2005Jermaine Wiggins
18.6%
2002Terry Glenn
15.8%
2007Bobby Wade
15.5%
2008Bobby Wade
15.5%
2007Shaun McDonald
12.2%
2001Byron Chamberlain
10.8%
2000Eddie Kennison
10.4%
2002D'Wayne Bates
9.6%
2003Shawn Bryson
7.3%
2001Cory Schlesinger
4%

You're not logged in!

Compare scores with friends on all Sporcle quizzes.
OR
Log In

Sporcle TV

Today on Sporcle TV


Watch our educational content, quiz creation guides, and fun videos on Sporcle TV.

Show Comments

Extras

Top Quizzes Today


Score Distribution

Your Account Isn't Verified!

In order to create a playlist on Sporcle, you need to verify the email address you used during registration. Go to your Sporcle Settings to finish the process.

Report this User

Report this user for behavior that violates our Community Guidelines.

Details: